| 000 | 00815nam a2200253Ia 4500 | ||
|---|---|---|---|
| 003 | OSt | ||
| 005 | 20220918170521.0 | ||
| 006 | a|||||r|||| 00| 0 | ||
| 007 | ta | ||
| 008 | 220917b |||||||| |||| 00| 0 eng d | ||
| 020 |
_a9780295989204 (hbk) _c3940.38 |
||
| 024 | _a243,819 | ||
| 037 |
_b9607, 26/08/2010, Elite Publishers Distributors _cTextual |
||
| 040 |
_aARTS _cARTS _beng |
||
| 041 |
_2eng _aeng |
||
| 082 | _aQ45:23, P9 | ||
| 100 |
_aBogel Cynthea J. _929471 |
||
| 245 | 0 |
_aWith a single glance _b Buddhist icon and early mikkyo vision |
|
| 260 |
_aSeattle _bUniversity of Washington Press _c2009 |
||
| 300 |
_a476p. _ccm. |
||
| 650 | _aRELIGION | ||
| 942 |
_hQ45:23, P9 _cTEXL _2CC |
||
| 999 |
_c134454 _d134454 |
||